Digital principles and applications (Record no. 164660)

MARC details
000 -LEADER
fixed length control field 00417nam a2200157Ia 4500
008 - FIXED-LENGTH DATA ELEMENTS--GENERAL INFORMATION
fixed length control field 231217s9999 xx 000 0 und d
041 ## - LANGUAGE CODE
Language code of text/sound track or separate title English
082 ## - DEWEY DECIMAL CLASSIFICATION NUMBER
Classification number 621.395 MAL;12 `R'
100 ## - MAIN ENTRY--PERSONAL NAME
Personal name Malvino, Albert Paul. Leach, Donald P
245 #0 - TITLE STATEMENT
Title Digital principles and applications
250 ## - EDITION STATEMENT
Edition statement 4th ed.
260 ## - PUBLICATION, DISTRIBUTION, ETC.
Date of publication, distribution, etc. 1986
Name of publisher, distributor, etc. New Delhi : TMH,
300 ## - PHYSICAL DESCRIPTION
Extent iv+540
650 ## - SUBJECT ADDED ENTRY--TOPICAL TERM
Topical term or geographic name entry element Digital electronics
942 ## - ADDED ENTRY ELEMENTS (KOHA)
Koha item type Books
Holdings
Date last seen Total checkouts Full call number Accession number Cost, total (INR) price Price effective from Category Public note Lost status Damaged status Department Withdrawn status Home library Current library Entry date Vendor Cost, normal purchase price Grants Billnumber Billdate Currency symbol Conversion rate Discount Old discount Shelving location
26/01/2024   621.395 MAL;12 `R' 9557 148.75 26/01/2024 Books Weeded Out 2016     Central Library   Central Library Central Library 05/02/1997 Sai Books 175.00 EC 120 28/08/1999 RS 1 26.25 15  
26/01/2024   621.395 MAL;13 9558 148.75 26/01/2024 Books       Central Library   Central Library Central Library 05/02/1997 Sai Books 175.00 EC 120 28/08/1999 RS 1 26.25 15  
26/01/2024   621.395 MAL;14 9559 148.75 26/01/2024 Books       Central Library   Central Library Central Library 05/02/1997 Sai Books 175.00 EC 120 28/08/1999 RS 1 26.25 15  
26/01/2024   621.395 MAL;20 20305 174.12 26/01/2024 Books SC ST (988)     Central Library   Central Library Central Library 28/05/2002 Sapna Book House 199.00 SC-ST 12046 08/09/2004 RS 1 24.88 12.5 SC-ST
26/01/2024   621.395 MAL 23681   26/01/2024 Books Weeded Out 2016     CS   Central Library Central Library 01/12/2003 Publisher   CS   11/04/2005 RS 1     CS

© For any Suggestions or Query, please contact the library staff @ librarian@pes.edu or Phone: +9180 2672 1983/ 2108.